000 00893nam a2200241Ia 4500
003 OSt
005 20220923222159.0
006 a|||||r|||| 00| 0
007 ta
008 220922b |||||||| |||| 00| 0 hin d
024 _a203,646
037 _cTextual
040 _aARTS
_cARTS
_bhin
041 _2hin
_ahin
082 _aO158,3N43w,4, 152N2
100 _aगोस्वामी, इन्दिरा; बैनर्जी, नीता, अनु.
_9166257
245 0 _aजिन्दगी कोई सौदा नहीं
246 _aJindagī koī saudā nahīan
260 _aदिल्ली
_b सरस्वती विहार
_c1992
300 _a184पृ.
_ccm.
942 _hO158,3N43w,4, 152N2
_cTEXL
_2CC
999 _c354398
_d354398